000 01316nam a22003617a 4500
003 CHAP
005 20220817044114.0
008 060531d2001 mx r 00110 spa d
010 _a92315
011 _a93287
020 _a97092810
035 _a103859
040 _cCHAP
082 0 0 _a338.9
_bE52
111 2 _aEncuentro de los Jóvenes en la Lucha por la Unidad de América Latina y el Caribe
_d(2001 :
_cMéxico, D. F. )
_936788
245 1 0 _aForo de discusión y análisis 2001
_c/por Asociación por la Unidad de Nuestra América-México
260 _aMéxico, D. F. :
_bRizoma,
_c2001
300 _a124 p.
590 _aBATCH-UPD
_b10
_c20130110
_lUCH01
_h0713
590 _aBATCH-UPD
_b10
_c20130410
_lUCH01
_h0358
590 _aBATCH-UPD
_b10
_c20130914
_lUCH01
_h0821
590 _aCONVERSION
_b10
_c20130109
_lUCH01
_h1351
650 1 4 _aAmerica Latina
_xAspectos economicos.
_95385
650 1 4 _aAmerica Latina
_xCondiciones economicas.
_95390
650 1 4 _aAmerica Latina
_xCondiciones sociales.
_95395
650 1 4 _aCambio social
_xAmérica Latina.
_917788
650 1 4 _aDesarrollo económico.
650 1 4 _aPolítica económica
_zAmérica Latina.
_990532
901 _aBK
905 _aMarco A. Mendoza T.
942 _cLIBRO
949 _a338.9 E52
_bBC
_cLIBRO
_d33724000990750
_eLIBRO
_h108058
_i103859
_sb
999 _c92315
_d92315